000 00328pab a2200133 454500
008 180718b xxu||||| |||| 00| 0 eng d
100 _aPuri R.K.
245 _aMega cities: bane of urbanisation
362 _a11 Oct 93, p.13
650 _a Urbanisation
650 _aCities and Towns
773 _aHindustan Times
909 _a26052
999 _c26052
_d26052